000 00777nam a2200205 a 4500
003 0
005 20250430115303.0
008 050808s19uu xx 00 eng d
050 _aPHS LC 1031
_b.P47 2005
100 _aPerreras, Marco Angelo A.
245 _aA Study on the perceptions of grade six pupils on the bridge program of the department of education /
_cMarco Angelo A. Perreras.
260 _aLas PiƱas City, Philippines :
_bSouthville International School and Colleges,
_c2005.
300 _a33 pages ;
_c28 cm.
504 _aIncludes bibliographic references.
650 _aBridge programs (Education)
_zPhilippines.
650 _aEducational innovations
_zPhilippines.
650 _aCompensatory education
_zPhilippines.
942 _2lcc
_cPASS
999 _c97288
_d97288